El sueño de las máquinas /

Guardado en:
Autor Principal: Repossi, Giordano
Formato: Libro
Publicado: España : C¡rculo de Lectores, 1981
Materias:
Etiquetas: Agregar Etiqueta
Sin Etiquetas, Sea el primero en etiquetar este registro!
LEADER 00516nam a22001935a 4500
001 CEM.cems007399
005 20060214000000.0
008 130507s1981##################000#0#####d
003 CEMS
082 0 4 |a 001.53 
100 1 |a Repossi, Giordano 
245 1 0 |a El sueño de las máquinas / 
260 |a España :  |b C¡rculo de Lectores,  |c 1981 
300 |a 155 p. 
653 |a Automacion 
653 |a Cibernetica 
653 |a Informatica 
653 |a Robotica 
859 |a CEMS  |b BIB. CEMS - 11 de abril  |h 001.53  |i R299  |p 12788.83  |t Ej.1